| 000 | 00751nam a22002175i 4500 | ||
|---|---|---|---|
| 001 | 166400 | ||
| 003 | ES-MaACL | ||
| 005 | 20250801034207.0 | ||
| 008 | 940206s1894 fr |||| | fre d | ||
| 040 |
_aCAM _bspa |
||
| 100 | 1 |
_aTolstói, Lev, _d1828-1910 _9110489 |
|
| 245 | 1 | 2 |
_aL'esprit chrétien et le patriotisme / _ccomte Léon Tolstoí. |
| 250 | _aEd. originale. | ||
| 260 |
_aParis : _bPerrin et Cie., _c1894. |
||
| 300 |
_a182, [2] p. ; _c19 cm. |
||
| 650 | 4 |
_aPatriotismo. _9136670 |
|
| 650 | 7 |
_aCristianismo _2embne _911425 |
|
| 700 | 0 | 1 |
_aPerrin, _eed. _9131045 |
| 852 |
_aES-MaACL _jF-9255 _z-- Enc. hol. conservando la cub. original _x-- Edic.: En colofón consta el imp.: Tours : Imprimerie Deslis frères |
||
| 999 |
_c166400 _d166400 |
||